000 00449nam a2200169 4500
001 21083
005 20230411085951.0
008 060907n2004 dr spa
020 _a8497341724
035 _9funglode21239
041 _aES
100 _aOlmos, Víctor
245 1 _aUn día en la vida de el mundo /
_cVíctor Olmos
260 _aMadrid :
_bEditorial La Esfera de los Libros,
_c2004
300 _a351 p.
942 _2lcc
_cbk
999 _c110167
_d110167